Welcome to CU Library Online Public Access Catalogue (OPAC)

Drug Therapy in Nursing/ (Record no. 4242)

MARC details
000 -LEADER
fixed length control field 00546nam a22001697a 4500
005 - DATE AND TIME OF LATEST TRANSACTION
control field 20250223200529.0
008 - FIXED-LENGTH DATA ELEMENTS--GENERAL INFORMATION
fixed length control field 250223b |||||||| |||| 00| 0 eng d
020 ## - INTERNATIONAL STANDARD BOOK NUMBER
International Standard Book Number 9781608311514
050 ## - LIBRARY OF CONGRESS CALL NUMBER
Classification number RM125
Item number .N83
100 ## - MAIN ENTRY--PERSONAL NAME
Personal name Aschenbrenner, Diane S.
245 ## - TITLE STATEMENT
Title Drug Therapy in Nursing/
Statement of responsibility, etc. Diane S. Aschenbrenner & Samantha J. Venable
250 ## - EDITION STATEMENT
Edition statement ed. 4
260 ## - PUBLICATION, DISTRIBUTION, ETC.
Place of publication, distribution, etc. Philadelphia
Name of publisher, distributor, etc. Wolters Kluwer/Lippincott Williams & Wilkins
Date of publication, distribution, etc. 2012
300 ## - PHYSICAL DESCRIPTION
Extent xvii. 1346p.
Other physical details ill. some color
Dimensions 28cm
700 ## - ADDED ENTRY--PERSONAL NAME
Personal name Venable, Samantha J.
942 ## - ADDED ENTRY ELEMENTS (KOHA)
Source of classification or shelving scheme Library of Congress Classification
Koha item type Books
Edition ed. 4
Suppress in OPAC No
999 ## -
-- 4242
-- 4242
Holdings
Withdrawn status Lost status Source of classification or shelving scheme Damaged status Not for loan Collection Home library Current library Shelving location Date acquired Total checkouts Full call number Barcode Date last seen Copy number Price effective from Koha item type
    Library of Congress Classification     Non-fiction Science Library (Miotso) Science Library (Miotso) General stacks 02/23/2025   RM125 .N83 NUR SLM00003949 02/23/2025 1 02/23/2025 Books
© 2023-2024 Copyright: Central University Libraries. All Rights Reserved | Created by: Mahone Tech Office